| 000 | 00937nam a2200289 a 4500 | ||
|---|---|---|---|
| 001 | 000045254 | ||
| 003 | DO-SdBNP | ||
| 005 | 20240723112305.0 | ||
| 007 | ta | ||
| 008 | 150218s1969 dr ac 000 0 spa d | ||
| 040 |
_aDO-SdBNP _bspa _cBNPHU _erda |
||
| 082 |
_bS961 _222 |
||
| 100 | 1 |
_aSuro, Darío. _eautor _973281 |
|
| 245 | 1 | 0 |
_aArte dominicano : _bmonografía de las artes plásticas dominicanas / _cDarío Suro. |
| 264 |
_aSanto Domingo : _bAhora, _c1969. |
||
| 300 |
_a165 páginas : _bilustraciones retratos. ; _c23 cm. |
||
| 336 |
_2rdacontent _atexto _btxt |
||
| 337 |
_2rdamedia _asin mediación _bn |
||
| 338 |
_2rdacarrier _avolumen _bnc |
||
| 490 | 1 |
_aPensamiento y cultura _v1 |
|
| 504 | _aBibliografía : p. 163-165 | ||
| 590 | _aPerteneció a la biblioteca personal del Dr. Guaroa Ginebra H. | ||
| 590 | _aInventariado, 2024/DG | ||
| 830 | 0 |
_aPensamiento y cultura ; _n1 _973282 |
|
| 910 | _aDG | ||
| 942 |
_2ddc _cLBS1 |
||
| 999 |
_c44743 _d44743 |
||